[Event "Reykjavik Open 2013"]
[Site "Reykjavik, Iceland"]
[Date "2013.02.20"]
[Round "2.31"]
[White "Smith, Axel"]
[Black "Frisk, Ellinor"]
[Result "1-0"]
[WhiteElo "2485"]
[BlackElo "2197"]
[PlyCount "57"]
[EventDate "2013.02.19"]

1. d4 Nf6 2. c4 e6 3. Nc3 Bb4 4. e3 b6 5. Nge2 Bb7 6. a3 Be7 7. d5 O-O 8. Ng3
d6 9. Be2 Nbd7 10. O-O c6 11. e4 cxd5 12. cxd5 exd5 13. exd5 Ne5 14. f4 Ng6 15.
b4 Rc8 16. Bb2 a6 17. Qd4 Re8 18. Rae1 Bf8 19. Nge4 Nxe4 20. Nxe4 Ne7 21. Nc3
Nf5 22. Qd3 Ne3 23. Rf3 Nxd5 24. Nxd5 Bxd5 25. Qxd5 Rc2 26. Qd4 Rexe2 27. Rxe2
Rxe2 28. Rg3 Rxg2+ 29. Kxg2 1-0

[Event "Reykjavik Open 2013"]
[Site "Reykjavik, Iceland"]
[Date "2013.02.20"]
[Round "2.61"]
[White "Marentini, Marcel"]
[Black "Bauza Mercere, Eduardo"]
[Result "1-0"]
[WhiteElo "2069"]
[BlackElo "1809"]
[PlyCount "51"]
[EventDate "2013.02.19"]

1. c4 e5 2. g3 Nc6 3. Bg2 f5 4. Nc3 Nf6 5. e3 d6 6. Nge2 g5 7. d4 e4 8. h4 g4
9. Nf4 Bh6 10. O-O Bxf4 11. exf4 Ne7 12. d5 Ng6 13. Qd4 b6 14. Re1 Kf7 15. b3
Re8 16. Bb2 Nh5 17. Re3 Bd7 18. Rae1 Ngxf4 19. gxf4 Qxh4 20. Ne2 Rg8 21. Bxe4
fxe4 22. Qxe4 Ng7 23. Nd4 Rae8 24. Ne6 Bxe6 25. dxe6+ Rxe6 26. Qd5 1-0